| 000 | 03226cam a2200433 a 4500 | ||
|---|---|---|---|
| 001 | 14363835 | ||
| 003 | ARRUPE | ||
| 005 | 20220401091507.0 | ||
| 008 | 060504s2006 njua b 001 0 eng c | ||
| 010 | _a 2006926978 | ||
| 015 |
_aGBA785054 _2bnb |
||
| 016 | 7 |
_a013559123 _2Uk |
|
| 020 | _a9780691119649 | ||
| 020 | _a0691119643 | ||
| 035 | _a(OCoLC)ocm72807372 | ||
| 040 |
_aVYF _cVYF _dIXA _dUUS _dYDXCP _dTJC _dBAKER _dBTCTA _dNLGGC _dUKM _dAU@ _dBTN _dDLC |
||
| 041 | 1 |
_aeng _hfre |
|
| 042 | _apcc | ||
| 050 | 0 | 0 |
_aQC6 _b.E81713 2006 |
| 082 | 0 | 0 |
_a530.01 _222 |
| 084 |
_a33.02 _2bcl |
||
| 100 | 1 |
_aEspagnat, Bernard d'. _913644 |
|
| 240 | 1 | 0 |
_aTraité de physique et de philosophie. _lEnglish |
| 245 | 1 | 0 |
_aOn physics and philosophy / _cBernard d'Espagnat. |
| 260 |
_aPrinceton : _bPrinceton University Press, _cc2006. |
||
| 300 |
_aix, 503 p. : _bill. ; _c24 cm. |
||
| 504 | _aIncludes bibliographical references (p. [485]-491) and indexes. | ||
| 505 | 0 | _aPart 1: Physical facts and related conceptual problems. Broad overview -- Overstepping the limits of the framework of familiar concepts -- Nonseparability and Bell's Theorem -- Objectivity and empirical reality -- Quantum physics and realism -- Universal laws and the "reality" question -- Antirealism and physics; the Einstein-Podolsky-Rosen problem; methodological operationalism -- Measurement and decoherence, universality revisited -- Various realist attempts -- Schrödinger's cat, Wigner's friend, and veiled reality -- Part 2: A philosophical analysis. Science and philosophy -- Materialisms -- Suggestions from Kantism -- Causality and observational predictability -- Explanation and phenomena -- Mind and things -- Pragmatic-transcendental versus veiled reality approaches -- Objects and consciousness -- The "ground of things" -- Appendix 1: The Bell Theorem -- Appendix 2: Consistent histories, counterfactuality, and Bell's Theorem -- Appendix 3: Correlation-at-a-distance in the Broglie-Bohm model. | |
| 520 | 1 | _a"On Physics and Philosophy is an accessible, mathematics-free reflection on the philosophical meaning of the quantum revolution, by one of the world's leading authorities on the subject. D'Espagnat presents an objective account of the main guiding principles of contemporary physics - in particular, quantum mechanics - followed by a look at just what consequences these should imply for philosophical thinking."-- | |
| 650 | 0 |
_aPhysics _xPhilosophy. |
|
| 650 | 1 | 7 |
_aWetenschapsfilosofie. _2gtt _951105 |
| 650 | 1 | 7 |
_aNatuurkunde. _2gtt _917585 |
| 856 | 4 | 2 |
_3Publisher description _uhttp://www.loc.gov/catdir/enhancements/fy0654/2006926978-d.html |
| 856 | 4 | 1 |
_3Table of contents only _uhttp://www.loc.gov/catdir/enhancements/fy1007/2006926978-t.html |
| 856 | 4 | 2 |
_3Contributor biographical information _uhttp://www.loc.gov/catdir/enhancements/fy0734/2006926978-b.html |
| 906 |
_a7 _bcbc _cpccadap _d2 _eepcn _f20 _gy-gencatlg |
||
| 942 |
_2lcc _cMONOGRAPH |
||
| 999 |
_c131188 _d131188 |
||